=LDR 00000nam 2200000 4500 =001 INLIS000000000023118 =005 20130612121815 =008 ***********************************Ind** =035 ##$$0010-061300000023118 =041 ##$$a Ind =082 ##$$a 813 =090 ##$$a 813, Kus-f =100 ##$$a Kusumastuti =245 ##$$a Roman setangkai bunga padi, Kusumastuti, Gunawan =260 ##$$a 2004 $b Solo =300 ##$$a 155 hlm, 17 cm =650 ##$$a Fiksi Dewas Indonesia =850 ##$$a NBPNMAT